000 00700pam a2200253 a 4500
999 _c4151
_d4151
001 4151
003 BD-JhCC
005 20221107134024.0
008 050311s2005 nyu 000 0 eng
020 _a0679406832
035 _a(BD-JhCC)4151
040 _aDLC
_cDLC
_dDLC
_dBD-JhCC
041 _aeng
050 0 0 _aBD435
_b.L52 2005b
082 0 0 _a170.82
_222
_bLIN 2005
100 1 _aLindbergh, Anne Morrow,
_d1906-2001.
245 1 0 _aGift from the sea /
_cAnne Morrow Lindbergh ; introduction by Reeve Lindbergh.
250 _a[50th anniversary ed.]
260 _aNew York :
_bPantheon Books,
_cc2005.
300 _a130 p. ;
_c18 cm.
650 0 _aLife.
942 _2ddc
_cBK
_01